|
|
|
|
| LEADER |
00000nab a2200000 a 4500 |
| 001 |
vtls000438801 |
| 003 |
SK-MaSNL |
| 005 |
20260426072138.0 |
| 008 |
150205c1992 xo 0 slo |
| 015 |
|
|
|a SNBRB19rr/mm-uuuuu
|
| 035 |
|
|
|a CL0438929
|
| 040 |
|
|
|a SNKBUCL
|b slo
|c SNKBUCL
|e AACR2
|
| 041 |
0 |
|
|a slo
|
| 044 |
|
|
|a xo
|c SK
|
| 080 |
|
|
|a 323(043.76):342.2/.3
|2 1981
|
| 080 |
|
|
|a 342.2/.3
|2 1981
|
| 080 |
|
|
|a 324
|2 1981
|
| 100 |
1 |
|
|a Gembický, Július
|4 aut
|9 232498
|
| 245 |
1 |
0 |
|a Sobáš volieb a referenda
|b Štátoprávne opraty v rukách opozície
|c Július Gembický
|
| 650 |
0 |
7 |
|a vnútorná politika
|2 snkbucl
|9 970
|
| 651 |
|
7 |
|a Slovensko
|2 snkbucl
|9 14231
|
| 655 |
|
7 |
|a články z novín a časopisov
|2 snkbucl
|9 267496
|
| 773 |
0 |
|
|t Národná obroda
|g Roč. 3, č. 20 (24. 1. 1992), s. 3
|
| 850 |
|
|
|a Slovenská národná knižnica v Martine
|a MTA001
|
| 852 |
|
|
|a SNK
|b KIS3GCP
|
| 958 |
|
|
|a RK
|
| 992 |
|
|
|a RBX
|
| 999 |
|
|
|c 2685680
|d 2687610
|